Miejscowości gminy Bełżyce według liczby ludności - Statystyki

Ogólne statystyki
  • Ten quiz został rozwiązany 81 razy
  • Średni wynik to 12 z 25
Statystyki odpowiedzi
Hint Odpowiedź % Poprawnych
6 339 Bełżyce
93%
882 Babin
82%
421 Jaroszewice
78%
503 Matczyn
75%
510 Podole
75%
295 Chmielnik
65%
839 Krężnica Okrągła
64%
357 Kierz
60%
332 Zagórze
58%
189 Cuple
53%
129 Zalesie
47%
204 Wojcieszyn
45%
214 Wierzchowiska Górne
44%
154 Malinowszczyzna
42%
343 Wronów
40%
126 Zosin
40%
108 Wierzchowiska Dolne
38%
408 Chmielnik-Kolonia
33%
125 Wymysłówka
31%
97 Skrzyniec
25%
236 Stare Wierzchowiska
25%
107 Płowizny
24%
--- Dylążki
13%
144 Skrzyniec-Kolonia
7%
--- Krężnica Okrągła-kolonia
5%
Nie znaleziono quizów pasujących do podanych kryteriów
Rozkład punktacji
Procent ludzi z każdym wynikiem
Percentyl według liczby udzielonych odpowiedzi
Twoja historia wyników
Nie rozwiązałeś tego quizu